000 00351nam a2200133Ia 4500
005 20251222142004.0
008 251222s9999||||xx |||||||||||||| ||spa||
020 _a9972-622-21-5
082 _a330.126/V47
100 _aVera La Torre, José Carlos
245 0 _aEconomía Social de Mercado en los Sectores Sociales:
264 _bESAN
942 _cLIB
999 _c10100
_d10100